The conditions for success in educational planning.

Guardado en:
Bibliografiske detaljer
Hovedforfatter: Ruscoe, G.C (autor)
Format: Bog
Sprog:engelsk
Serier:(Fundamentals of educational planning ; no. 12)
Fag:
Tags: Tilføj Tag
Ingen Tags, Vær først til at tagge denne postø!

MARC

LEADER 00000cam^a2200000uu^4500
001 000484732
005 20250521000000.0
008 031308s1969^^^^^^^^^^^^rd^r^^000^0^eng^d
009 20260526150545.002
035 |a FCE 000027798 
035 |a FCE 023385 
037 |a Acervo ITESO - Biblioteca 
041 |a eng 
082 0 4 |a 371.2072  |b FPE 12 
100 |a Ruscoe, G.C  |e (autor) 
245 1 4 |a The conditions for success in educational planning. 
264 |a Bélgica :  |b UNESCO : IIEP,  |c 1969. 
300 |a 46 p. 
336 |a texto  |b txt  |2 rdacontenido 
337 |a sin mediación  |b n  |2 rdamedio 
338 |a volumen  |b nc  |2 rdasoporte 
440 0 |a (Fundamentals of educational planning ;  |v no. 12) 
649 |a XX 
650 |a Planificación de la educación 
650 |a Administración de la educación 
650 |a Desarrollo de la educación 
650 |a Políticas de educación 
650 |a Países desarrollados 
650 |a Países en desarrollo 
910 |a Fondo Centro de Estudios Educativos 
920 |a Impresos - Libros 
930 |a Fondos Especiales 
905 |a 133 
901 |a ALE023385  |b IT2  |c CEE  |u 20250521 
902 |a https://opac.biblio.iteso.mx/vufind/Record/000484732